Surnoms footballeurs - Statistiques

Statistiques générales
  • Ce quiz a été pris 446 fois
  • Le résultat moyen est 26 sur 60
Statistiques - réponses
Surnom Footballeur % Correct
CR7 Cristiano
99%
la Pulga Lionnel Messi
99%
El Fenemeno Ronaldo
95%
La Pioche Paul Pogba
89%
Zizou Zinedine Zidane
87%
Ney' Neymar
85%
El Matador Edinson Cavani
82%
Trezegoal David Trezeguet
78%
Ibracadabra Zlatan Ibrahimovic
76%
KDB Kevin De Bruyne
74%
JPP Jean Pierre Papin
71%
El Pibe de Oro Maradona
71%
Super Mario Mario Balotelli
70%
Donatello Kylian Mbappe
69%
Ronnie Ronaldinho
69%
Drogbadaboum Didier Drogba
68%
Eric The King Eric Cantona
67%
Chicharito Javier Hernandez
65%
The Special One José Mourinho
65%
Le Cannibale Luis Suarez
65%
Le Prince d'Amsterdam Johan Cruyff
56%
Platoch' Michel Platini
52%
Scarface Franck Ribery
51%
Der Kaiser Franz Beckenbauer
49%
King George George Weah
49%
Le Cinquième Beatles Georges Best
47%
El Nino Fernando Torres
42%
Super Pippo Filippo Inzaghi
42%
Der Bomber Gerd Muller
42%
El Tigre Radamel Falcao
41%
El Fideo Angel Di Maria
39%
El Cholo Diego Simeone
39%
La Joya Paolo Dybala
39%
Petit Vélo Mathieu Valbuena
37%
La Dèche Didier Deschamps
36%
El Flaco Javier Pastore
34%
Le Président Laurent Blanc
33%
Spice Boy David Beckham
29%
O Monstro Thiago Silva
29%
Shrek Wayne Rooney
29%
II Capitano Francesco Totti
25%
L'Anaconda Thierry Henry
23%
L'Aigle des Açores Pauleta
22%
Architetto Andréa Pirlo
21%
O Pentera Negra Eusebio
20%
La Tulipe Noire Ruud Gullit
17%
Le Duc Adrien Rabiot
16%
L'Araignée Noire Lev Yashin
16%
Mi-Cuisse Claude Makélélé
14%
The Rock Marcel Desailly
12%
The Docteur Socrates
12%
The Snake Youri Djorkaeff
12%
Super Sub Ole Gunnar Solskjaer
9%
El Magnifico David Ginola
8%
Napoléon Raymond Kopa
8%
El Imperator Adriano
7%
Le Major Galopant Ferenc Puskas
6%
Le Lama Franck Rijkaard
3%
Matrix Marco Materazzi
2%
El Bandidot James Rodrigues
1%
Aucun quiz correspondant
Distribution des résultats
% des personnes avec chaque résultat
Percentile par nombre de réponses
Votre historique - résultats
Vous n’avez pas pris ce quiz